| 000 | 00717nam a22002057a 4500 | ||
|---|---|---|---|
| 005 | 20140424151519.0 | ||
| 010 | _aENG-109581 | ||
| 020 |
_a9788120349322 _c350.00 |
||
| 035 | _aEN-93114 | ||
| 037 | _bDBAD/PUB | ||
| 082 | _a621.3822 | ||
| 100 | _aNavas, K.A. | ||
| 245 |
_aLab primer through MATLAB : _cby K.A. Navas [and] R. Jayadevan _bdigital signal processing, digital image processing, digital signal processor and digital communication / |
||
| 260 |
_aDelhi _bPHI Learning _c2014 |
||
| 270 |
_aRimjhim House, 111, Patparganj Industrial Estate _bDelhi _e110092 |
||
| 300 |
_aix,345p. _c24cm(pbk) |
||
| 500 | _aIncludes index | ||
| 700 | _aJayadevan, R. | ||
| 942 |
_2ddc _cEN _mNAV _h621.3822 |
||
| 999 |
_c83086 _d83086 |
||